| 000 | 00910nam a2200229 a 4500 | ||
|---|---|---|---|
| 005 | 19890424000000.0 | ||
| 008 | 811124s1979 ii b s000 0 eng | ||
| 010 | _aENG-92954 | ||
| 020 | _c95.00 | ||
| 035 | _aEN-76487 | ||
| 037 | _bDBAD / PUB | ||
| 040 |
_adpl _bEnglish |
||
| 082 | _a346.544104344 | ||
| 110 | _aMaharashtra State Law Commission. | ||
| 245 | _aThe Bombay Rents, Hotel and Lodging House Rates, Control Act, 1947 with case finder | ||
| 260 |
_aNew Delhi _bArcher Publications _c2005 |
||
| 300 |
_a112p. _c22 cm (pbk) |
||
| 650 |
_aRent control _zIndia _zMaharashtra. |
||
| 650 |
_aRental housing _xLaw and legislation _zIndia _zMaharashtra. |
||
| 942 |
_2ddc _cEN _h346.544104344 _mBOM |
||
| 999 |
_c23534 _d23534 |
||